000 00658nam a2200157 4500
999 _c16395
_d16395
008 220207b ||||| |||| 00| 0 eng d
022 _a0893-8989
082 _aDPer 363.205 P75 Sept 2013-May 2016 v. 37 & 40, n. 9-11/1-5
100 _aMurgado, Amaury.
_943863
245 _aOrder of operations:
_bborrow the five-point Marine cops planning format to make staging any operation or project crystal clear/
_cAmaury Murgado.
260 _aCalifornia:
_bBobit Business Media,
_c©Sept 2013-May 2016.
300 _av40 n1, page 6;
_billustrations:
_c27 cm.
500 _aPolice: the law enforcement.
650 _aPolice
_xOperations.
_943833
942 _2ddc
_cPER